000 00298nam a2200109Ia 4500
008 200302s9999 xx 000 0 und d
100 _aNot Known
245 _aKorean Architectural Perspectivists Annual 1997
260 _bKorea Architectural Perspectular Association
260 _c1997
300 _a254
999 _c4737
_d4737